| 000 | 01489nam0a2200349 4500 | ||
|---|---|---|---|
| 001 | RU\NLR\bibl\1056869 | ||
| 005 | 20260405123709.0 | ||
| 010 |
_a5-477-00431-2 _92500 |
||
| 021 |
_aRU _b2007-2794 _9135 |
||
| 035 | _a(nilc)RSL-KNO-003031299 | ||
| 035 | _a(NLR Aleph) 001044157 | ||
| 090 |
_a837491 _c837491 |
||
| 100 | _a20070213d2006 |||y0rusy50 ca | ||
| 101 | 0 | _arus | |
| 102 | _aRU | ||
| 105 | _aa zzzz||||| | ||
| 106 | _ar | ||
| 200 | 1 |
_aУчимся работать на компьютере _e[работаем на компьютере, или основы компьютерной грамотности] _fДанилова Т. |
|
| 210 |
_aМосква _cNT Prees _d2006 |
||
| 215 |
_a221 с. _cил. _d20 |
||
| 225 | 1 | _aПросто о сложном | |
| 606 | 1 |
_aКомпьютеры персональные _9920284 _3RU\NLR\auth\6618292 |
|
| 610 | 0 | _aВычислительная техника -- Вычислительные машины электронные цифровые -- Персональные компьютеры -- Эксплуатация -- Работа на машинах и аппаратах | |
| 686 |
_aЗ973.26-082.02,0 _2rubbk |
||
| 686 | _aЗ973.23 | ||
| 700 | 1 |
_4070 _8rus _7ca _aДанилова _bТ. _cпрограммист _gТатьяна _3RU\NLR\auth\7749306 _932241 |
|
| 801 | 0 |
_aRU _bРКП _c20070213 _grcr |
|
| 801 | 1 |
_aRU _bРГБ _c20070213 |
|
| 801 | 2 |
_aRU _bNLR _c20070312 _grcr |
|
| 942 | _cBOOK | ||
| 980 | _aNB | ||